C*-algebra extensions and K-homology

Αποθηκεύτηκε σε:
Λεπτομέρειες βιβλιογραφικής εγγραφής
Κύριος συγγραφέας: Douglas, Ronald G.
Μορφή: Βιβλίο
Γλώσσα:English
Δημοσίευση: Princeton, NJ : Princeton University Press, 1980
Σειρά:Annals of mathematics studies ; ; 95
Θέματα:
Ετικέτες: Προσθήκη ετικέτας
Δεν υπάρχουν, Καταχωρήστε ετικέτα πρώτοι!

MARC

LEADER 00000nam a2200000 i 4500
001 1/41327
008 941103s1980 eng d
020 |a 0691082650  |c $15.00 
020 |a 0691082669  |c $8.00 
035 |a 1993  |c ΤΣΑΠΟΓΑΣ  |l 10041477 
040 |a GR-MY-UA  |b gre  |e aacr 
041 0 |a eng 
082 0 |a 512.55 
100 1 |a Douglas, Ronald G. 
245 1 0 |a C*-algebra extensions and K-homology /  |c by Ronald G. Douglas 
260 |a Princeton, NJ :   |b Princeton University Press,   |c 1980 
300 |a vii, 83 p.;  |b ill.;  |c 25 cm 
490 1 |a Annals of mathematics studies  |v ; 95 
500 |a Includes index 
504 |a Bibliography: p. 76-81 
650 0 0 |a K-theory. 
650 0 0 |a Algebra, Homological. 
650 0 0 |a C*-algebras. 
830 0 |a Annals of mathematics studies ;  |v ; 95 
852 |a INST  |b SAMOS  |e 19941103  |h 512.55 DOU  |p 005300002825  |q 005300002825  |t BK  |y 0 
852 |a INST  |b SAMOS  |e 19941103  |h 512.55 DOU  |p 005300003844  |q 005300003844  |t BK  |y 0 
909 |a Σ  |b 025328 
909 |a Σ  |b 030876